000 004690000a22001690004500
041 0 _aSPA
082 0 4 _aG 268.12 R598d
100 1 _aRitchie, Juan
245 1 0 _aEl desarrollo del alma : Elementos de psicología en relación con la educación religiosa / Juan Ritchie
260 _aPerú : Inca
300 _a80 Pag
001 7826
942 _cBK
999 _c38030
_d38030
336 _atexto
_btxt
_2rdacontent
337 _2rdamedia
_asin mediación
_bn
338 _2rdacarrier
_avolumen
_bnc